25 let Státního ústředního archivu v Praze : (příspěvky z odborného semináře konaného ve dnech 19. a 20. září 1979) /

Other Authors: Babička, Vácslav, 1949-2012
Language: Czech
Published: Praha : Státní ústřední archiv, 1980
Physical Description: 226 s.
Language note: Francouzské, německé a ruské resumé
Book
Saved in:
LEADER 01054nam a22002772a 4500
001 000914937
003 CZ BrMZK
005 20081003074726.0
007 ta
008 081003s1980 xr er|||||||||||cze d
015 |a cnb000022319 
035 |a (OCoLC)11785309 
040 |a BOA001  |b cze 
041 0 |a cze  |b fre  |b ger  |b rus 
080 9 |a 930.253.1(437)(063) 
245 0 0 |a 25 let Státního ústředního archivu v Praze :  |b (příspěvky z odborného semináře konaného ve dnech 19. a 20. září 1979) /  |c redaktoři Vácslav Babička ... [et al.] 
246 3 |a Dvacet pět Státního ústředního archivu v Praze 
260 |a Praha :  |b Státní ústřední archiv,  |c 1980 
300 |a 226 s. 
546 |a Francouzské, německé a ruské resumé 
700 1 |a Babička, Vácslav,  |d 1949-2012  |7 jn19981228012  |4 edt 
910 |a BOA001  |b 4-0868.997 
964 |a Praha - Státní ústřední archiv - jubilejní publikace 
990 |a BK 
991 |b 200810 
996 6 |b BC-608151  |c 4-0868.997  |l MZK  |r Sklad / do 1 hodiny  |n 0  |w 000914937  |u 000010  |a 1  |e BOA001  |j MZK50  |s P